000 00413nam a2200193Ia 4500
001 12296
003 GE_BSU
008 181216s||||||||xx |||||||||||||| ||und||
020 _a9780586040676
040 _cGE_BSU
080 _a821.111-32
100 _aLudlum,Robert
245 4 _aThe Matlock Paper
260 _aLondon
260 _c1974
300 _a352p.18cm.
653 _aThe Matlock Paper
942 _cBK
999 _c45471
_d45471